000 00406nab a2200145Ia 4500
003 ES-SlBCS
005 20210601125456.0
008 140529s1989-90 xxu||||| |||| 00| 0 eng d
041 _aeng
100 1 _aAllen, R. T.
_9143981
245 0 0 _aWhen Loyalty No Harm Meant
_c R. T. Allen
650 0 4 _aLealtad
_9142319
773 0 _tReview of Methaphysics
_gvol. 43, 1989-90, págs. 281-294
_wRev843
942 _cAR
999 _c530942
_d530942